00947nac a22002171u 4500008004100000010001500041020001500056020001500071082001800086100004100104245007700145260003400222300003300256504006400289650004700353856008700400856007500487942002500562999001300587952012900600100907t xxu||||| |||| 00| 0 eng d a2001052187 a0072369655 a007115097800a005.73bC7121 aCollins, William J. 91859510aData structures and the standard template library /cWilliam J. Collins. aBoston :bMcGraw-Hill,c2003. axx, 664 p. :bill. ;c24 cm. aIncludes bibliographical references (p. 651-652) and index. 0aData structures (Computer science).918596423Publisher descriptionuhttp://www.loc.gov/catdir/description/mh021/2001052187.html423Table of contentsuhttp://www.loc.gov/catdir/toc/mh021/2001052187.html cBBk005.73C71212ddc c661d661 00102ddc40708 aMAINbMAINcLOWd2006-07-20epurchasel4m18o005.73 COLp000003945r2025-07-15 00:00:00s2015-09-29yBB